000 00236nam a22001097a 4500
999 _c65348
_d65345
082 _a297.17 MAA
100 _aDr.Mahar Abdul Haq
245 _aEDUCATIONAL PHILOSOPHY OF THE HOLY QURAN
260 _aLahore
300 _a330
942 _cBK